000
00321nam a2200121Ia 4500
005
20251222141835.0
008
251222s9999||||xx |||||||||||||| ||spa||
082
_a
336.2/C39
100
_a
Cayo Quispe, Luis
245
0
_a
Beneficios e Incentivos Tributarios por Actividad Económica
264
_b
Entrelíneas
942
_c
LIB
999
_c
7251
_d
7251